| 000 | 01027nam a22002657i 4500 | ||
|---|---|---|---|
| 999 |
_c23215 _d23215 |
||
| 003 | AR-CdUCM | ||
| 008 | 250207b20072007 pe||||| |||| 00| 0 esp d | ||
| 040 |
_aMUNICIPALIDAD PROVINCIAL DEL CUSCO _cBIBLIOTECA MUNICIPAL DEL CUSCO |
||
| 041 | _hspa | ||
| 082 |
_aBol-Lima / N° 148 / 2007 _bBol-Lima / N° 148 / 2007 |
||
| 110 |
_aÓrgano de la Asociación Cultural "Boletín de Lima A.C.". _951005 |
||
| 245 |
_aBoletín de Lima (año 29) : _bRevista científica y cultural / |
||
| 260 |
_aLima : _bEditorial los Pinos E.I.R.L. _c2007 |
||
| 300 |
_a129 páginas. : _c24x17 cm. |
||
| 505 | _aLa minería artesanal, medio ambiente y problemas sociales. Natali Bellido Ordoñez | ||
| 650 |
_aMinería artesanal _951016 |
||
| 650 |
_aMadre Santísima del Rosario _951017 |
||
| 650 |
_aTumbas de Tenahana _951018 |
||
| 650 |
_aEtnobotánico _951019 |
||
| 650 |
_aSausacocha _951020 |
||
| 650 |
_aEcuaciones barométricas _951021 |
||
| 700 |
_aBellido Ordoñez, Natali _951022 |
||
| 942 |
_2ddc _cREV |
||
| 945 |
_apbjr _d7-02-2025 |
||